00421nam a2200181Ia 4500008004100000020001800041050001400059100002500073245001700098245002500115260001500140260001600155260000900171300001400180300002700194300001000221500000800231170918s9999 xx 000 0 und d a9780590457750 bF613 1993 aFletcher, Jane Cowen aMama zooms / cJane Cowen-Fletcher. aNew York : bScholastic, c1993 aunpaged : bcolored illustration ; c26cm. a750